| 000 | 00548nam a22002177a 4500 | ||
|---|---|---|---|
| 001 | sjds170007 | ||
| 003 | sjds | ||
| 005 | 20170322113628.0 | ||
| 008 | 170320b nyu||||| |||| 00| 0 spa d | ||
| 020 | _a159060489X (Board) | ||
| 024 | 1 | _a070097002553 (Board) | |
| 040 | _csjds | ||
| 041 | _aspa | ||
| 110 | 1 | 0 | _aPlaymore |
| 245 | 1 | 4 | _aLas ruedas del bus |
| 260 |
_aNew York, _bPlaymore, _cc2005. |
||
| 300 |
_a(unpaged board pages) _c20 cm. |
||
| 440 | _aCantos que giran : Collection los 4 | ||
| 650 |
_aBuses _vFiction |
||
| 942 |
_cBK _2ddc |
||
| 999 |
_c16553 _d16553 |
||